000 00918nam a22002897a 4500
003 CHAP
005 20220329140404.0
008 971013s r 00010 d
010 _a51286
011 _a52258
035 _a56408
040 _cCHAP
090 _aR-2772
100 0 0 _aRohrer, Richard.
_999095
245 _aKansas State University postharvest documentation service
500 _aSobretiro de : IAALD Quarteley Bulletin. 25 (1) : 1-5, 1980
590 _aBATCH-UPD
_b10
_c20130110
_lUCH01
_h0436
590 _aBATCH-UPD
_b10
_c20130110
_lUCH01
_h2211
590 _aBATCH-UPD
_b10
_c20130410
_lUCH01
_h0111
590 _aBATCH-UPD
_b10
_c20130914
_lUCH01
_h1205
590 _aCONVERSION
_b10
_c20130109
_lUCH01
_h1328
650 1 4 _aDiseminación selectiva de información.
_932725
700 0 _aGeiser, Cherie.
_947406
901 _aBK
942 _cREIMP
949 _aR-2772
_bBC
_cR
_d-123222
_eTS1
_i56408
_si
999 _c51286
_d51286